00318nam a2200109Ia 4500008004100000020001500041100003100056245004400087250001100131260004700142300001900189180219s9999 xx 000 0 und d a1582551685 aMcCann, Judith A. Schiling aPathophysiology :bMade incredibly easy a2nd ed aUSA :bLippincott williams & wilkinsc2002 avii, 432 pages